Contabilidad de empresas (Registro nro. 1841)

Detalles MARC
000 -LEADER
fixed length control field 01665 a2200205 4500
001 - CONTROL NUMBER
control field 29297
005 - DATE AND TIME OF LATEST TRANSACTION
control field 20260407155602.0
008 - FIXED-LENGTH DATA ELEMENTS--GENERAL INFORMATION
fixed length control field 260407a1974 arg spa d
003 - CONTROL NUMBER IDENTIFIER
control field AR-UNSa-BCEJYS
040 ## - CATALOGING SOURCE
Original cataloging agency AR-UNSa-BCEJYS
Language of cataloging spa
Transcribing agency AR-UNSa-BCEJYS
080 ## - UNIVERSAL DECIMAL CLASSIFICATION NUMBER
Universal Decimal Classification number 657
Common auxiliary subdivision Contabilidad
100 1# - MAIN ENTRY--PERSONAL NAME
Personal name Hermanson, Roger H.
245 10 - TITLE STATEMENT
Title Contabilidad de empresas
264 #1 - PRODUCTION, PUBLICATION, DISTRIBUTION, MANUFACTURE, AND COPYRIGHT NOTICE
Place of production, publication, distribution, manufacture México :
Name of producer, publisher, distributor, manufacturer Centro Regional de Ayuda Técnica
Date of production, publication, distribution, manufacture, or copyright notice 1974
300 ## - PHYSICAL DESCRIPTION
Extent 2 v.(xiv, 185; xiv,109 p.)
Dimensions 27 cm.
505 ## - FORMATTED CONTENTS NOTE
Formatted contents note Vol. I: 1. Repaso del proceso contable - 2. Fundamentos de la teoría contable - 3. Inventarios- Genralidades - 4. Inventarios - Sistemas de inventario permanente - 5. Inventarios - Procedimiento para su estimación - 6. Bienes de Uso -Adquisición, utilización y baja - 7. Bienes de uso - Amortización, agotamiento y revalúo - 8. Disponiblidades e inversiones temporarias - 10. Créditos - 11. Inversiones a largo plazo en acciones - 12. Pasivo corriente y pasivo contigente - 13. Sociedades anónimas - su formación - 14. Sociedades anónimas - Destino de las utilidades no distribuidas -- Vol. II: 17. Principios de matemática financiera y sus aplicaciones en contabilidad - 18. Contabilización de operaciones con bonos - 19. Fondos con fines determinados - 20. Registros incompletos y corrección de errores - 21. Imputación de impuesto a los réditos y efectos contables del nivel de precios - 22. Pensiones y arrendamientos - 23. Estados comparativos y análisis por medio de índices - 24. Análisis de variaciones y punto de equilibrio - 25. Análisis del flujo de fondos.
590 ## - LOCAL NOTE (RLIN)
Local note niveau_biblio:m niveau_hierar:0
700 1# - ADDED ENTRY--PERSONAL NAME
Personal name Welsch, Glenn A.
942 ## - ADDED ENTRY ELEMENTS (KOHA)
Koha item type
Existencias
Withdrawn status Lost status Damaged status Not for loan Home library Current library Shelving location Date acquired Total checkouts Full call number Barcode Date last seen Price effective from Koha item type
        Biblioteca Prof. Eusebio Cleto del Rey Biblioteca Prof. Eusebio Cleto del Rey   07/04/2026   657 W458 v.1 L25300 07/04/2026 07/04/2026 Libro
        Biblioteca Prof. Eusebio Cleto del Rey Biblioteca Prof. Eusebio Cleto del Rey   07/04/2026   657 W458 v.2 L25301 07/04/2026 07/04/2026 Libro